000 00704nam a2200289Ia 4500
005 20260324133101.0
008 008 260324s9999 xx 000 0 eng d
020 _a9781315704364
037 _aEBOOK
040 _aCRL
040 _beng
040 _cCRL
041 _2eng
041 _aeng
084 _qCRL
100 _aThomas R. Hietala
_91191735
245 0 _aFight of the Century
245 0 _bJack Johnson, Joe Louis, and the Struggle for Racial Equality
260 _bTaylor and Francis
260 _c2004
365 _a
365 _b185
856 _uhttp://www.taylorfrancis.com/books/9781315704364
942 _cEBOOK
999 _c1790463
_d1790463